000 00459nam a2200181Ia 4500
003 GCL
008 140319s9999 xx 000 0 eng d
040 _aGCL /
_cGCL
082 0 4 _a709.54
_bP R
100 1 _aPAL, PRATAPACLITYA
245 1 0 _aROMANCE OF THE TAJ MAHAL /
_cPAL, PRATAPACLITYA
260 _a[S.N] :
_bTHAMES AND HUDSON ،
_c1989
300 _a256 PP
650 0 4 _aMUSEUMS
650 0 4 _aTAJ MAHAL
650 0 4 _aINDIA - ARTS
942 _2ddc
_cBK
999 _c19014
_d19014